01082nam a2200277 a 450000100060000000300080000600500170001400800410003103500140007204000430008604100080012908200260013710000290016324501210019226000390031330000210035249000470037350400430042065000380046365000310050165100440053283000560057694200120063299900170064495201430066158939BD-RjUL20211209080655.0161220s1965 ilu b 000 0 eng  a(BD-RjUL) dUPvMLCdBD-RjULaBD-RjULbengcBD-RjUL aeng 223a330.353bMUG 19651 aMusolf, Lloyd D.917258010aGovernment and the economy :bpromoting the general welfare /cLloyd D. Musolf ; with an introd. by George McGovern. aChicago :bScott, Foresman,cc1965 a195 p. ;c22 cm.1 aScott, Foresman American government series aBibliographical footnotes: p. 179-184. 0aSubsidieszUnited States.9175261 0aWelfare economics.9175128 0aUnited StatesxEconomic policy.9172689 0aScott, Foresman American government series.9175262 2ddccBK c58939d58939 00102ddc40718NFICaRUCLbRUCLcReadingd1977-04-02eLions Internatinalsl0o330.353 MUG 1965r2016-12-20 00:00:00tC-1w2016-12-20yBK